| 000 | 00710cam a2200265 4500 | ||
|---|---|---|---|
| 001 | ABS68107 | ||
| 008 | 040825n2004 000 0 eng u | ||
| 035 | _a(Sirsi) u127158 | ||
| 245 | _aRegional survey: London boroughs south | ||
| 260 | _c2004 | ||
| 490 |
_aProperty Week _v69(32) 6 August 2004, 39-48(6) |
||
| 590 | _aABS | ||
| 590 | _aABS | ||
| 650 | _aLONDON BOROUGHS SOUTH | ||
| 650 | _aLONDON | ||
| 650 | _aCROYDON | ||
| 650 | _aINDUSTRIAL MARKET | ||
| 650 | _aWANDSWORTH | ||
| 650 | _aKINGSTON | ||
| 650 | _aPROPERTY-COMMERCIAL PROPERTY-RETAIL PROPERTY-RETAIL PROPERTY MARKET | ||
| 650 | _aOFFICE MARKET | ||
| 650 | _aSUTTON | ||
| 690 | _aCOMMERCIAL PROPERTY-MARKET | ||
| 942 | _n0 | ||
| 999 |
_c117895 _d117895 |
||